Kỹ thuật và thiết bị xử lý chất thải bảo vệ môi trường /

Đã lưu trong:
Sonraí Bibleagrafaíochta
Príomhúdar: Hoàng Đức Liên
Údair Eile: Tống Ngọc Tuấn
Formáid: Sách giấy
Teanga:Vietnamese
Foilsithe: H. : Nông nghiệp , 2000
Ábhair:
Clibeanna: Cuir Clib Leis
Gan Chlibeanna, Bí ar an gcéad duine leis an taifead seo a chlibeáil!
Thư viện lưu trữ: Thư viện Trường Đại học Đà Lạt
LEADER 00751nam a2200277 4500
001 DLU020018678
005 ##10/1/2001
020 # # |a 978- 
041 # # |a vie 
082 # # |a 628.4  |b HO-L 
100 # # |a Hoàng Đức Liên 
245 # # |a Kỹ thuật và thiết bị xử lý chất thải bảo vệ môi trường /  |c Hoàng Đức Liên, Tống Ngọc Tuấn 
260 # # |a H. :  |b Nông nghiệp ,  |c 2000 
300 # # |a 192 tr.;   |c 21 cm. 
650 # # |a Chất thải  |x Làm sạch. 
650 # # |a Kỹ thuật môi trường. 
700 # # |a Tống Ngọc Tuấn 
992 # # |a 16500 
994 # # |a DLU 
900 # # |a False 
911 # # |a Administrator 
925 # # |a G 
926 # # |a A 
927 # # |a SH 
980 # # |a Thư viện Trường Đại học Đà Lạt